Nomi, cose e città: mob di Minecraft - Statistics

Statistiche generali
  • Questo quiz è stato fatto 90 volte
  • Il punteggio medio è 11 su 18
Statistiche sulle risposte
Hint Risposta % Corretto
Z Zoglin|Zombi|Zombi secco
94%
S Salmone|Scheletro|Scheletro di Wither|Scricchio|Shulker|Sorvegliante|Strega|Strider
87%
C Calamaro|Calamaro luminescente|Capra|Cavallo|Cavallo scheletro|Coniglio|Creeper|Cubo di magma
85%
G Gallina|Gatto|Gelatina|Ghast|Girino|Golem di ferro|Golem di neve|Guardiano|Guardiano antico
82%
M Maiale|Mercante ambulante|Merluzzo|Mooshroom|Mucca|Mulo
82%
P Paludoso|Panda|Pappagallo|Pecora|Pesce palla|Pesce tropicale|Pesciolino d'argento|Piglin|Piglin bruto|Piglin zombificato|Pipistrello|Predone
82%
E Enderdrago|Enderman|Endermite|Errante|Evocatore
77%
A Alleviante|Annegato|Ape|Armadillo|Asino|Assolotto
75%
L Lama|Lama di mercante|Lupo
69%
R Ragno|Ragno delle caverne|Rana
69%
W Wither
56%
D Delfino|Devastatore|Dromedario
52%
V Vendicatore|Vessante|Villico|Villico zombi|Volpe
48%
B Blaze|Brezza
46%
O Ocelotto|Orso polare
32%
T Tartaruga
25%
H Hoglin
23%
F Fantasma|Fiutatore
17%
Nessun quiz corrispondente trovato
Distribuzione punteggi
Percentuale di utenti per punteggio
Percentile per numero di risposta
I tuoi punteggi nel tempo
Non hai fatto questo quiz